000 00598nam a2200241Ia 4500
003 OSt
005 20220924145908.0
006 a|||||r|||| 00| 0
007 ta
008 220923b |||||||| |||| 00| 0 tel d
020 _c20.00
024 _a330740
037 _cTextual
040 _aARTS
_cARTS
_btel
041 _2tel
_atel
082 _a0152,3NMU,1, 35M4
100 _aMunshi Au.
_9220805
245 0 _aJai somnath
260 _c1984
650 _aHINDI LITERATURE
_923866
942 _h0152,3NMU,1, 35M4
_cTEXL
_2CC
999 _c461514
_d461514